000 01061naa a2200253 c 4500
001 46505
003 ES-MaCES
005 20150930125714.0
008 150930s2015 sp ||||| t||||||| ||spa d
040 _aES-MaCES
_bspa
_cES-MaCES
_dES-MaCES
100 1 _99250
_aCastellano Burguillo, Emilia
245 _aLa demandada y ausente transparencia española
_cEmilia Castellano Burguillo
610 1 4 _934985
_aEspaña
_d2013
_tLey de transparencia, acceso a la información pública y buen gobierno
650 4 _929226
_aacceso a la información
650 4 _929540
_adivulgación de la información
650 4 _927214
_aadministración pública
650 4 _927210
_agobierno
650 4 _927172
_asituación jurídica
650 4 _927153
_alegislación
653 1 0 _aDerecho administrativo
773 0 _983474
_dAlbacete (Concepción, 12, 2º izda., 02002) Bomarzo 1998-
_o086374
_tRevista de derecho social
_w(ES-MaCES)25695
_gn. 70 (abr.-jun. 2015) {10693 R. 086374} ;p. 97-122
902 _aART Artículo de revista
942 _2CES
_cAR
_h6.0.2.
999 _c46505
_d46505